000 00619nam a2200193Ia 4500
008 230125s9999 xx 000 0 und d
020 _a81-87671-06-8
041 _aeng
082 _a823
_bBAG
100 _aCanfield J
_9106704
245 _aA 3rd Serving of Chicken Soup for the Soul
260 _c2000
_bWestland Publications
_aNew Delhi
300 _a353p
440 _aChicken Soup for the Soul Series Book
_9106705
500 _aLiterature;Short stories;English Literature;Series Book;Chicken Soup for the Soul Series Book
650 _aGeneral
_9106706
700 _aCanfield J
_9106704
999 _c84197
_d84197